| 000 | 00550nam a22001817a 4500 | ||
|---|---|---|---|
| 999 |
_c526710 _d526710 |
||
| 003 | NUST | ||
| 020 | _qPBK | ||
| 038 | _aFaiza | ||
| 082 |
_a891.423 _bALI |
||
| 100 |
_aAli, Anwar _914922 |
||
| 245 |
_aKalian Ittan kaly road / _cAnwar Ali |
||
| 260 |
_aLahore : _bPakistan Punjabi adabi board, _c1991. |
||
| 300 | _a160 p. ; | ||
| 880 |
_6100-01\r _aانور علی |
||
| 880 |
_6245-02\r _aکالیاں اِٹاں کالے روڈ / |
||
| 880 |
_6260-03\r _aلاہور: _bپاکستان پنجابی ادبی بورڈ, _c۱۹۹۱. |
||
| 942 |
_2ddc _cBK |
||